| 000 | 00766nam a22002537a 4500 | ||
|---|---|---|---|
| 999 |
_c4027 _d4027 |
||
| 001 | 13516 | ||
| 003 | BD-DhUAP | ||
| 005 | 20200316154501.0 | ||
| 008 | 200316s1996 enka|||| |||| 001 0 eng d | ||
| 020 | _a019457220X | ||
| 020 | _a9780194572200 | ||
| 040 |
_aBD-DhUAP _beng _cBD-DhUAP _dBD-DhUAP |
||
| 082 |
_223 _a428.24 VIN |
||
| 100 | _aViney, Peter. | ||
| 245 |
_aHandshake : _ba course in communication : student's book / _cPeter Viney and Karen Viney. |
||
| 260 |
_aOxford : _bOxford University Press, _cc1996 [Impression 1997]. |
||
| 300 |
_a175 pages : _billustrations ; _c28 cm. |
||
| 500 | _aIncludes index. | ||
| 650 | _aEnglish language | ||
| 650 | _aLanguage and languages | ||
| 650 | _aLinguistics. | ||
| 700 | _aViney, Karen | ||
| 942 |
_2ddc _cBK |
||